10 Words, 20 Definitions XIII Quiz Stats

 Plays Quiz Updated Aug 13, 2019

Score 0/20 Timer 02:00
2 Plays Today
% Correct
Dog
85.7%
Pack
85%
Pat
84.8%
Well
83.9%
League
81.3%
Scat
80.3%
Pick
80.3%
Root
79.1%
Pack
78.2%
Scat
76%
% Correct
Well
74.9%
Cat
73.1%
Root
72.2%
League
72.2%
Pick
72.1%
Flake
70.6%
Pat
57.6%
Flake
22.8%
Dog
21.7%
Cat
8.1%

You're not logged in!

Compare scores with friends on all Sporcle quizzes.
OR
Log In

Sporcle TV

Today on Sporcle TV


Watch our educational content, quiz creation guides, and fun videos on Sporcle TV.

Show Comments

Extras

Top Quizzes Today


Score Distribution

Your Account Isn't Verified!

In order to create a playlist on Sporcle, you need to verify the email address you used during registration. Go to your Sporcle Settings to finish the process.

Report this User

Report this user for behavior that violates our Community Guidelines.

Details: